Catálogo - Centro de Recursos para el Aprendizaje y la Investigación
Volver al Sitio - CRAI Biblioteca| 000 -CABECERA | |
|---|---|
| campo de control de longitud fija | 02449nam a2200313 4500 |
| 001 - NÚMERO DE CONTROL | |
| campo de control | 113555 |
| 003 - IDENTIFICADOR DEL NÚMERO DE CONTROL | |
| campo de control | DR-UNIBE |
| 005 - FECHA Y HORA DE LA ÚLTIMA TRANSACCIÓN | |
| campo de control | 20250506103656.0 |
| 008 - DATOS DE LONGITUD FIJA--INFORMACIÓN GENERAL | |
| campo de control de longitud fija | 250506b2009 nq ||||| |||| 00| 0 spa d |
| 020 ## - NÚMERO INTERNACIONAL ESTÁNDAR DEL LIBRO | |
| Número Internacional Estándar del Libro | 9789992496404 |
| 040 ## - FUENTE DE LA CATALOGACIÓN | |
| Centro catalogador/agencia de origen | BIBLIOTECA UNIBE |
| Lengua de catalogación | spa |
| Centro/agencia transcriptor | BIBLIOTECA UNIBE |
| Normas de descripción | rda |
| 041 ## - CÓDIGO DE LENGUA | |
| Código de lengua del texto/banda sonora o título independiente | spa |
| 082 ## - NÚMERO DE LA CLASIFICACIÓN DECIMAL DEWEY | |
| Número de edición | 22 |
| Número de clasificación | 923.47285 P418 |
| 245 10 - MENCIÓN DE TÍTULO | |
| Título | Pensamiento vivo del maestro Ramírez / |
| Mención de responsabilidad, etc. | editor: Jorge Ramón Hernández Alcerro ; presentación: Silvia Rosales Bolaños ; recopilación: Norma Allegra Cerrato Sabillón revisión: Martha Estela Fuentes Ramírez ; diseño y diagramación; Comercial 3H |
| 250 ## - MENCIÓN DE EDICIÓN | |
| Mención de edición | Primera edición |
| 260 ## - PUBLICACIÓN, DISTRIBUCIÓN, ETC. | |
| Lugar de publicación, distribución, etc. | Managua : |
| Nombre del editor, distribuidor, etc. | Corte Centroamericana de Justicia, |
| Fecha de publicación, distribución, etc. | 2009 |
| 300 ## - DESCRIPCIÓN FÍSICA | |
| Extensión | 128 páginas : |
| Dimensiones | 24 x 17 cm |
| 490 ## - MENCIÓN DE SERIE | |
| Mención de serie | Biblioteca del pensamiento centroamericano |
| 500 ## - NOTA GENERAL | |
| Nota general | Información sobre la Corte Centroamericana de Justicia en la contraportada |
| 505 ## - NOTA DE CONTENIDO CON FORMATO | |
| Nota de contenido con formato | Charla del abogado Robeto Ramírez en el acto de investidura con el título de Doctor honoris causa en ciencias jurídicas y sociales por la Universidad Nacional Autónoma de Honduras |<br/>El juez en el Estado de derecho |<br/>El derecho de la integración centroamericana |<br/>La Corte Centroamericana de Justicia en el Sistema de Integración Centroamericana |<br/>Opinión sobe la solución de controversias en el Sistema de Integración Centroamericana (SICA) o Mercado Común Centroamericano |<br/>Palabras pronunciadas por el abogado don Roberto Ramírez en el acto oficial de toma de posesión como presidente de la Corte Centroamericana de Justicia, en la ciudad de Managua, el doce de octubre de mil novecientos noventa y cinco |<br/>Palabras del Doctor Roberto Ramírez presidente de la Corte Centroamericana de Justicia, en ocasión del II Encuentro de Órganos y Secretarías del <br/>Sistema de Integración Centroamericana. Managua, Nicaragua, Centroamérica, 6, 7,8 de marzo de 1996 |<br/>Protocolo de Tegucigalpa a la carta e la Organizacion de Estados Centroamericanos (ODECA) |<br/><br/> |
| 600 #7 - PUNTO DE ACCESO ADICIONAL DE MATERIA--NOMBRE DE PERSONA | |
| Nombre de persona | Ramírez, Roberto |
| 9 (RLIN) | 194907 |
| Subdivisión general | Conferencias |
| 650 #7 - PUNTO DE ACCESO ADICIONAL DE MATERIA--TÉRMINO DE MATERIA | |
| Fuente del encabezamiento o término | lemb |
| Término de materia o nombre geográfico como elemento de entrada | Abogados Nicaraguenses |
| 9 (RLIN) | 194915 |
| 700 10 - PUNTO DE ACCESO ADICIONAL--NOMBRE DE PERSONA | |
| Nombre de persona | Hernández Alcerro, Jorge Ramón |
| 9 (RLIN) | 194909 |
| Término indicativo de función/relación | editor |
| 700 10 - PUNTO DE ACCESO ADICIONAL--NOMBRE DE PERSONA | |
| Nombre de persona | Rosales Bolaños, Silvia |
| 9 (RLIN) | 194910 |
| Término indicativo de función/relación | presentación |
| 700 10 - PUNTO DE ACCESO ADICIONAL--NOMBRE DE PERSONA | |
| Nombre de persona | Cerrato Sabillón, Norma Allegra |
| 9 (RLIN) | 194911 |
| Término indicativo de función/relación | compilador |
| 700 10 - PUNTO DE ACCESO ADICIONAL--NOMBRE DE PERSONA | |
| Nombre de persona | Fuentes Ramírez , Martha Estela |
| 9 (RLIN) | 194912 |
| Término indicativo de función/relación | revisión |
| 710 10 - PUNTO DE ACCESO ADICIONAL--NOMBRE DE ENTIDAD CORPORATIVA | |
| Nombre de entidad corporativa o nombre de jurisdicción como elemento de entrada | Comercial 3H |
| 9 (RLIN) | 194913 |
| Término indicativo de función/relación | diagramador |
| -- | diseñador |
| 942 ## - ELEMENTOS DE PUNTO DE ACCESO ADICIONAL (KOHA) | |
| Fuente del sistema de clasificación o colocación | Sistema de Clasificación Decimal Dewey |
| Tipo de ítem Koha | Libro (general) |
| Estado de retiro | Estado de pérdida | Fuente del sistema de clasificación o colocación | No para préstamo | Código de colección | Localización permanente | Fecha de adquisición | Total de préstamos | Signatura topográfica completa | Código de barras | Fecha visto por última vez | Número de copia | Precio válido a partir de | Tipo de ítem Koha |
|---|---|---|---|---|---|---|---|---|---|---|---|---|---|
| Disponible | Sistema de Clasificación Decimal Dewey | General | Biblioteca Central UNIBE | 08/04/2025 | 923.47285 P418 | 250387 | 06/05/2025 | Ej. 1 | 06/05/2025 | Libro (general) |